Science Quiz

Random Science or Animal Quiz
Score 0/22 Timer 03:00
4 Plays Today
% Correct
Dalmatian
93.3%
German
Shepherd
93.2%
Bulldog
92.7%
Beagle
92.2%
Pug
90.5%
Dachshund
88.8%
Pembroke
Welsh Corgi
88.1%
Labrador Retriever
87.8%
Boxer
84.7%
Italian
Greyhound
81%
Old English
Sheepdog
79.7%
% Correct
Irish Setter
76%
Staffordshire
Bull Terrier
75.5%
Papillon
73.9%
Samoyed
72.5%
Weimaraner
71.8%
Miniature Schnauzer
71.4%
Maltese
71.1%
Great Dane
69.8%
Keeshond
63.2%
Affenpinscher
52.5%
Lhasa Apso
51%
Remove Ads.
Support Sporcle.
Get the best of Sporcle when you Go Orange. This ad-free experience offers more features, more stats, and more fun while also helping to support Sporcle. Thank you for becoming a member.

You're not logged in!

Compare scores with friends on all Sporcle quizzes.
OR
Log In

Show Comments

Extras

Top Quizzes Today


Score Distribution

Your Account Isn't Verified!

In order to create a playlist on Sporcle, you need to verify the email address you used during registration. Go to your Sporcle Settings to finish the process.

Report this User

Report this user for behavior that violates our Community Guidelines.

Details: